Instrumenty zarzadzania przedsiebiorstwem w gospodarce rynkowej

Salvato in:
Dettagli Bibliografici
Natura: Libro
Lingua:polacco
inglese
Pubblicazione: Lódz Wydawnictwo Uniwersytetu Lódzkiego 1992
Edizione:1. wyd.
Serie:Folia Oeconomica 122
Soggetti:
Tags: Aggiungi Tag
Nessun Tag, puoi essere il primo ad aggiungerne!!

MARC

LEADER 00000nam a2200000 4500
001 c014158
005 20221206083231.0
041 0 |a pol 
041 0 |a eng 
044 |a PL 
245 1 0 |a Instrumenty zarzadzania przedsiebiorstwem w gospodarce rynkowej 
250 |a 1. wyd. 
264 1 |a Lódz  |b Wydawnictwo Uniwersytetu Lódzkiego  |c 1992 
300 |a 116 s. 
490 1 |a Folia Oeconomica  |v 122 
830 0 |a Folia Oeconomica  |v 122 
610 2 0 |a financovanie 
610 2 0 |a spoločnosti akciové 
610 2 0 |a podnik 
610 2 0 |a akcie 
610 2 0 |a obligácie 
610 2 0 |a vývoz 
610 2 0 |a ceny vývozné 
610 2 0 |a privatizácia 
610 2 0 |a riadenie podnikové 
610 2 0 |a hospodárstvo trhové